| 000 | 01100nam a22002777a 4500 | ||
|---|---|---|---|
| 999 |
_c115103 _d115103 |
||
| 003 | dpl | ||
| 005 | 20180919170315.0 | ||
| 008 | 180911b xxu||||| |||| 00| 0 eng d | ||
| 010 | _aB-067238 | ||
| 020 | _c150.00 | ||
| 035 | _aB-067238, B-067242, B-067239 | ||
| 037 | _bCen Lib/Ret | ||
| 040 |
_aDPL _bHN _c0 |
||
| 082 |
_aउ _bमानज्ञा |
||
| 100 |
_aमान, ज्ञान सिंह _95807 |
||
| 245 |
_aसूखी रेत के घरौंदे / _cज्ञान सिंह मान |
||
| 246 |
_aSookhi ret ke gharaunde / _bby Gyan Singh Maan |
||
| 260 |
_aदिल्ली _bप्रेम प्रकाशन मंदिर _c2002 |
||
| 270 |
_a3012, बल्लीमारान _bदिल्ली _e110006 |
||
| 300 |
_a134पृ. _c20सेमी (सजिल्द) |
||
| 650 |
_aहिन्दी -- साहित्य _959902 |
||
| 650 |
_aहिन्दी -- उपन्यास _959903 |
||
| 650 |
_aHindi -- Literature _959904 |
||
| 650 |
_aHindi -- Fiction _927248 |
||
| 942 |
_2ddc _cHN _hउ _mमानज्ञा |
||